000 01009nam a2200469Ia 4500
001 11222
003 22407
005 20250429062536.0
008 ||||||n9999 ||| || ||
041 _aspa
082 _219
_a808.1
100 _aPfeiffer, Johannes
_918701
245 0 _aLa poesia
_bhacia la comprension de lo poetico
250 _a3ed
260 _aMéxico :
_bFondo de Cultura Económica,
_c1959.
300 _a136p
490 _aBreviarios del Fondo de Cultura Económica
562 _e1
650 0 _aPoesía
_91696
942 _cBKM
942 _cBKM
999 _c11222
_d11222
526 _a
526 _a17598
526 _a102617
526 _a102618
526 _a15794
526 _a102619
526 _a1703
526 _a102620
526 _a10406
526 _a105630
526 _a1698
526 _a116204
526 _a51868
526 _a4969
526 _a19790
526 _a104436
526 _a5144
526 _a1697
526 _a3899
526 _a9683